Shetaḥ ha-hefḳer ; Ze taluy raḳ banu

Saved in:
Bibliographic Details
Main Author: Gov, Gidi.
Format: Audio
Language:Hebrew
Published: [Ramat Gan] : Hed Arzi, [1980?]
Subjects:
Tags: Add Tag
No Tags, Be the first to tag this record!
LEADER 00608njm a22001937u 4500
001 007654792-2
005 20020606104010.5
008 900628s1980||||is ||nn||||||||||| heb|d
028 0 2 |a D.J.1352  |b Hed Arzi 
035 0 |a ocm38119791 
100 1 |a Gov, Gidi. 
245 1 0 |a Shetaḥ ha-hefḳer ; Ze taluy raḳ banu  |h sound recording /  |c Gidi Gov 
260 0 |a [Ramat Gan] :  |b Hed Arzi,  |c [1980?] 
300 |a 1 sound disc :  |b 33 1/3 rpm ;  |c 12 in. 
546 |a Words of song in Hebrew printed on insert. 
655 7 |a Phonograph records (singles).  |2 local 
650 0 |a Songs, Hebrew  |z Israel. 
988 |a 20020608 
906 |0 MH